| 000 | 00419nam a2200157Ia 4500 | ||
|---|---|---|---|
| 008 | 230711s9999||||xx |||||||||||||| ||und|| | ||
| 041 | _aENG | ||
| 082 |
_a621.092 _bKO-M |
||
| 100 | _aKolstee,Hans M | ||
| 245 | 0 | _aMachine design for mechanical technology | |
| 250 | _a1st Ed. | ||
| 260 |
_c1984 _aNew Delhi _bCBS Publishers & Distributors Pvt.Ltd |
||
| 300 | _a335 | ||
| 650 | _aMechanical Engineering | ||
| 942 | _cBK | ||
| 999 |
_c2798 _d2798 |
||